LoT Inc. : (Registro nro. 15501)

Detalles MARC
000 -CABECERA
campo de control de longitud fija 01230nam a22002897a 4500
001 - NÚMERO DE CONTROL
campo de control 000565
003 - IDENTIFICADOR DEL NÚMERO DE CONTROL
campo de control
005 - FECHA Y HORA DE LA ÚLTIMA TRANSACCIÓN
campo de control 20251113081319.0
007 - CAMPO FIJO DE DESCRIPCIÓN FÍSICA--INFORMACIÓN GENERAL
campo de control de longitud fija ta
008 - DATOS DE LONGITUD FIJA--INFORMACIÓN GENERAL
campo de control de longitud fija 161018b 2017 xx |||| 00| 0 spa d
020 ## - NÚMERO INTERNACIONAL ESTÁNDAR DEL LIBRO
Número Internacional Estándar del Libro 97812600025896
040 ## - FUENTE DE LA CATALOGACIÓN
Centro catalogador/agencia de origen DO-SdBPM
Lengua de catalogación spa
Centro/agencia transcriptor BPMSU
Normas de descripción rda
082 #4 - NÚMERO DE LA CLASIFICACIÓN DECIMAL DEWEY
Número de clasificación 006.22068
Número de documento/Ítem SI616l 2017
Número de edición 22
100 1# - ENTRADA PRINCIPAL--NOMBRE DE PERSONA
Nombre de persona Sinclair, Bruce
Término indicativo de función/relación autor
245 10 - MENCIÓN DE TÍTULO
Título LoT Inc. :
Resto del título how your company can use the internet of things to win in the outcome economy /
Mención de responsabilidad, etc. Bruce Sinclair.
260 0# - PUBLICACIÓN, DISTRIBUCIÓN, ETC.
Lugar de publicación, distribución, etc.
Nombre del editor, distribuidor, etc.
Fecha de publicación, distribución, etc.
264 ## - PRODUCCIÓN, PUBLICACIÓN, DISTRIBUCIÓN, FABRICACIÓN Y COPYRIGHT
Producción, publicación, distribución, fabricación y copyright New York :
Nombre del de productor, editor, distribuidor, fabricante McGraw-Hill Education,
Fecha de producción, publicación, distribución, fabricación o copyright 2017
300 ## - DESCRIPCIÓN FÍSICA
Extensión xxii, 1016 p. :
Otras características físicas il. ;
Dimensiones 27 cm.
505 0# - NOTA DE CONTENIDO CON FORMATO
Título Conocimientos básicos. --
-- Windows 7. --
-- Microsoft Internet Explorer. --
-- Microsoft Office XP. --
-- Microsoft Word 2010. ---
-- Hoja de cálculo: Excel 2010. --
-- Base de datos: Access 2010. --
-- Programa de presentaciones: Power Point. --
-- Agenda de trabajo: Outlook XP. --
650 #7 - PUNTO DE ACCESO ADICIONAL DE MATERIA--TÉRMINO DE MATERIA
Término de materia o nombre geográfico como elemento de entrada Internet
650 #7 - PUNTO DE ACCESO ADICIONAL DE MATERIA--TÉRMINO DE MATERIA
Término de materia o nombre geográfico como elemento de entrada Internet en los negocios
650 #7 - PUNTO DE ACCESO ADICIONAL DE MATERIA--TÉRMINO DE MATERIA
Término de materia o nombre geográfico como elemento de entrada Industria
Subdivisión general Innovaciones tecnológicas
650 7# - PUNTO DE ACCESO ADICIONAL DE MATERIA--TÉRMINO DE MATERIA
Término de materia o nombre geográfico como elemento de entrada Industria de los computadores
Subdivisión general Administración
650 #7 - PUNTO DE ACCESO ADICIONAL DE MATERIA--TÉRMINO DE MATERIA
Término de materia o nombre geográfico como elemento de entrada Sistemas de almacenamiento y recuperación de información
Subdivisión general
910 ## - DATOS DE OPCIÓN DEL USUARIO (OCLC)
Datos de opción del usuario VMateo V. Control de calidad. BPMSU
942 ## - ELEMENTOS DE PUNTO DE ACCESO ADICIONAL (KOHA)
Fuente del sistema de clasificación o colocación Dewey Decimal Classification
Tipo de ítem Koha Libros
Existencias
Estado de retiro Estado de pérdida Fuente del sistema de clasificación o colocación No para préstamo Código de colección Localización permanente Ubicación/localización actual Fecha de adquisición Total de préstamos Signatura topográfica completa Código de barras Fecha visto por última vez Precio válido a partir de Tipo de ítem Koha
    Dewey Decimal Classification   Colección General Biblioteca Pública Metropolitana Salomé Ureña Biblioteca Pública Metropolitana Salomé Ureña 11/13/2025   BPMSU CG 006.22068 S616L 2017 BPMSU25110027 11/13/2025 11/13/2025 Libros